Structure and petrography of the Hillabee sill and associated metamorphics of Alabama. (Record no. 28640)

MARC details
000 -LEADER
fixed length control field 00865cam a22002771 4500
001 - CONTROL NUMBER
control field gs 52000139
003 - CONTROL NUMBER IDENTIFIER
control field DLC
005 - DATE AND TIME OF LATEST TRANSACTION
control field 20260227111358.0
008 - FIXED-LENGTH DATA ELEMENTS--GENERAL INFORMATION
fixed length control field 771010s1951 xx 000 0 eng c
010 ## - LIBRARY OF CONGRESS CONTROL NUMBER
LC control number gs 52000139
035 ## - SYSTEM CONTROL NUMBER
System control number (OCoLC)3329905
040 ## - CATALOGING SOURCE
Original cataloging agency U.S. Geol. Survey. Lib.
Transcribing agency NmLcU
Modifying agency NmLcU
-- DLC
050 00 - LIBRARY OF CONGRESS CALL NUMBER
Classification number QE81
Item number .A15 no. 63
051 ## - LIBRARY OF CONGRESS COPY, ISSUE, OFFPRINT STATEMENT
Classification number QE81
Item number .G7
082 ## - DEWEY DECIMAL CLASSIFICATION NUMBER
Classification number 557.61
100 1# - MAIN ENTRY--PERSONAL NAME
Personal name Griffin, Robert Hardy.
245 10 - TITLE STATEMENT
Title Structure and petrography of the Hillabee sill and associated metamorphics of Alabama.
260 ## - PUBLICATION, DISTRIBUTION, ETC.
Place of publication, distribution, etc. University,
Date of publication, distribution, etc. 1951.
300 ## - PHYSICAL DESCRIPTION
Extent 74 p.
Other physical details illus.
Dimensions 28 cm.
410 20 - SERIES STATEMENT/ADDED ENTRY--CORPORATE NAME [OBSOLETE, CAN/MARC], [LOCAL, USA]
Corporate name or jurisdiction name as entry element Geological Survey of Alabama
Title of a work Bulletin
Volume number/sequential designation 63
500 ## - GENERAL NOTE
General note Folded map and folded profile in pocket.
504 ## - BIBLIOGRAPHY, ETC. NOTE
Bibliography, etc. note "References cited": p. 73-74.
650 #0 - SUBJECT ADDED ENTRY--TOPICAL TERM
Topical term or geographic name entry element Geology
Geographic subdivision Alabama.
650 #0 - SUBJECT ADDED ENTRY--TOPICAL TERM
Topical term or geographic name entry element Petrology
Geographic subdivision Alabama.
650 #0 - SUBJECT ADDED ENTRY--TOPICAL TERM
Topical term or geographic name entry element Geology, Structural.

No items available.

Powered by Koha